Detalles MARC
| 000 -CABECERA |
| Longitud fija campo de control |
02082nam a2200349 i 4500 |
| 003 - • IDENTIFICADOR DELl NÚMERO DE CONTROL |
| Identificador del número de control |
CO-BoRNBP |
| 005 - • FECHA Y HORA DE LA ÚLTIMA TRANSACCIÓN |
| Fecha y hora de la última transacción |
20250226101617.0 |
| 007 - • CAMPO FIJO DE DESCRIPCIÓN FÍSICA |
| Campo fijo de descripción física |
ta |
| 008 - • CÓDIGOS DE INFORMACIÓN DE LONGITUD FIJA |
| Códigos de información de longitud fija |
231009t2021 ck a|||g| 001 0|spa | |
| 020 ## - • NÚMERO INTERNACIONAL NORMALIZADO PARA LIBROS |
| Número Internacional Normalizado para Libros (ISBN) |
978958491936 |
| 020 ## - • NÚMERO INTERNACIONAL NORMALIZADO PARA LIBROS |
| Número Internacional Normalizado para Libros (ISBN) |
9584291939 |
| 040 ## - FUENTE DE LA CATALOGACIÓN |
| Centro catalogador de origen |
CO-BoRNBP |
| Lengua de catalogación |
spa |
| Normas de descripción |
rda |
| Centro transcriptor |
CO-BoRNBP |
| 041 0# - • CÓDIGO DE LENGUA |
| Código de lengua original |
spa |
| 082 04 - • NÚMERO DE LA CLASIFICACIÓN DECIMAL DEWEY |
| Número de clasificación (R) |
305.4092 |
| Número del ítem |
P41t |
| 100 1# - • PUNTO DE ACCESO PRINCIPAL-NOMBRE DE PERSONA |
| Nombre de persona |
Plaqueta |
| Fechas asociadas al nombre |
1983- |
| Término indicativo de función |
autora |
| 245 11 - • TITULO PROPIAMENTE DICHO |
| Título |
#Tu barrio te respalda |
| Resto del título |
breve historia ilustrada de las mujeres/ |
| Mención de responsabilidad, etc. |
Plaqueta; ilustraciones por Andonella |
| 250 ## - • MENCIÓN DE EDICIÓN |
| Mención de edición |
Primera edición |
| 264 ## - PRODUCCIÓN, PUBLICACIÓN , DISTRIBUCIÓN, FABRICACIÓN Y COPYRIGHT |
| Lugar de producción, publicación, distribución, fabricación |
Bogotá, Colombia |
| Nombre del productor, editor, distribuidor, fabricante |
Planeta Colombiana S.A. |
| Fecha de de producción, publicación, distribución, fabricación o copyright |
2021 |
| 300 ## - • DESCRIPCIÓN FÍSICA |
| Extensión |
189 páginas |
| Otras características físicas |
ilustraciones a color |
| Dimensiones |
23 cm |
| 336 ## - TIPO DE CONTENIDO |
| Término de tipo de contenido |
texto |
| Código de tipo de contenido |
txt |
| Fuente |
rdacontent |
| 337 ## - TIPO DE MEDIO |
| Nombre del tipo de medio |
sin mediación |
| Código del tipo de medio |
n |
| Fuente |
rdamedia |
| 338 ## - TIPO DE SOPORTE |
| Nombre del tipo de soporte |
volumen |
| Código del tipo de soporte |
nc |
| Fuente |
rdacarrier |
| 500 ## - • NOTA GENERAL |
| Nota general |
Incluye un póster y stickers. |
| 500 ## - • NOTA GENERAL |
| Nota general |
Andonella es el seudónimo de Andrea Arsuaga Alfaro |
| 500 ## - • NOTA GENERAL |
| Nota general |
Plaqueta es el seudónimo de Tamara de Anda Prieto |
| 520 3# - • NOTA DE RESUMEN |
| Resumen, etc, |
En este primer tomo, recorrimos desde la era de las cavernas hasta el voto universal. Nuestra misión: recordar a todas las genias que se salieron del huacal y lucharon para que hoy tengamos los mismos derechos que los señores. Mujeres que no fueron reconocidas y tienen historias increíbles que deberíamos saber. Descubrimos que las piratas existieron, que una mujer creó el primer programa de computación y que las bicis son un símbolo de liberación femenina. ¡Ya estuvo bueno de que nos borren de la historia! Por eso te contamos, de forma hiperresumida, estos primeros 50 momentos en los que hackeamos el sistema.<br/><br/>Amiga, date cuenta: el feminismo no es una moda, es una lucha que lleva siglos. Para sumarte, hay que conocer a las que estuvieron antes que nosotras y saber que ¡tu barrio feminista te respalda! ¡Incluye un póster coleccionable con todas estas ídolas y stickers increíbles! |
| 650 17 - • PUNTO DE ACCESO ADICIONAL DE MATERIA - TÉRMINO DE MATERIA |
| Término de materia o nombre geográfico como elemento inicial |
Mujeres |
| Fuente del encabezamiento o término |
LEMB |
| 650 17 - • PUNTO DE ACCESO ADICIONAL DE MATERIA - TÉRMINO DE MATERIA |
| Término de materia o nombre geográfico como elemento inicial |
Feminismo |
| Fuente del encabezamiento o término |
LEMB |
| 650 17 - • PUNTO DE ACCESO ADICIONAL DE MATERIA - TÉRMINO DE MATERIA |
| Término de materia o nombre geográfico como elemento inicial |
Vida social y costumbres |
| Fuente del encabezamiento o término |
LEMB |
| 700 1# - • PUNTO DE ACCESO ADICIONAL - NOMBRE DE PERSONA |
| Nombre de persona |
Andonella |
| Fechas asociadas al nombre |
1991- |
| Término indicativo de función |
ilustradora |
| 942 ## - ENTRADA DE ELEMENTOS AGREGADOS (KOHA) |
| Fuente de clasificaión o esquema |
Dewey Decimal Classification |
| Koha [por defecto] tipo de item |
LIbro |